Teijin twaron and its aramids for the hose and belt market (Record no. 70357)

MARC details
000 -LEADER
fixed length control field 00381nam a2200109Ia 4500
100 ## - MAIN ENTRY--AUTHOR NAME
Personal name Doherty Martin A
245 #0 - TITLE STATEMENT
Title Teijin twaron and its aramids for the hose and belt market
260 ## - PUBLICATION, DISTRIBUTION, ETC. (IMPRINT)
Name of publisher Proceedings of the Asia Rub Tech Expo, 23-25 November 2006, Indian Rubber Institute, Kochi. pp.95-96.
700 ## - ADDED ENTRY--PERSONAL NAME
Personal name Bos Henkjan
942 ## - ADDED ENTRY ELEMENTS (KOHA)
Koha item type Journals
Holdings
Withdrawn status Lost status Damaged status Not for loan Home library Current library Shelving location Date acquired Koha item type
      Journals RRII Library RRII Library Rubber chemistry 20/09/2006 Journals